000 00597nam a22001817a 4500
999 _c61680
_d61680
005 20240416152853.0
008 240416s2007 enk||||| |||| 00| 0 eng d
020 _a9780443102929x
041 _aeng
080 _a612(075) M-44
100 _aMcGeown, J. Graham
_921815
245 _aMaster Medicine:
_bPhysiology:
_ctext of human physiology with self assessment /
264 _aEdinburgh :
_bChurchill Livingstone,
_c2007.
300 _a321 p. :
_bill.;
_c27 cm.
653 _aადამიანის ფიზიოლოგია
653 _aმედიცინა
942 _2udc
_cBK